Болельщики и фанаты как феномен спортивного дискурса; Филологические науки. Вопросы теории и практики; № 8 (26), ч. 1

Chi tiết về thư mục
Parent link:Филологические науки. Вопросы теории и практики.— , 2008-
№ 8 (26), ч. 1.— 2013.— [С. 212-215]
Tác giả chính: Щитов А. Г. Александр Григорьевич
Tác giả của công ty: Национальный исследовательский Томский политехнический университет (ТПУ) Институт международного образования и языковой коммуникации (ИМОЯК) Кафедра русского языка и литературы (РЯЛ)
Tóm tắt:Заглавие с экрана
В статье исследуется спортивный дискурс болельщиков и фанатов на материале спортивных сайтов, существующих в Интернете. Автор анализирует дискурсивную роль субъектов дискурса в процессе общения. Рассмотрены различные стороны предмета исследования. В рамках комплексного анализа представлена пространственная модель спортивного дискурса в интернет-коммуникации.
The author researches the sports discourse of supporters and fans by the material of sports sites that exist on the Internet, analyzes the discursive role of discourse subjects in the process of communication, considers the different aspects of the research object, and within the framework of a complex analysis presents the spatial model of sports discourse in internet-communication.
Режим доступа: по договору с организацией-держателем ресурса
Ngôn ngữ:Tiếng Nga
Được phát hành: 2013
Những chủ đề:
Truy cập trực tuyến:http://elibrary.ru/item.asp?id=19417835
http://www.gramota.net/materials/2/2013/8-1/60.html
Định dạng: MixedMaterials Điện tử Chương của sách
KOHA link:https://koha.lib.tpu.ru/cgi-bin/koha/opac-detail.pl?biblionumber=636591

MARC

LEADER 00000nla0a2200000 4500
001 636591
005 20250401084712.0
035 |a (RuTPU)RU\TPU\network\621 
090 |a 636591 
100 |a 20140217d2013 k||y0rusy50 ca 
101 0 |a rus 
102 |a RU 
135 |a drnn ---uucaa 
181 0 |a i  
182 0 |a b 
200 1 |a Болельщики и фанаты как феномен спортивного дискурса  |f А. Г. Щитов 
203 |a Текст  |c электронный 
300 |a Заглавие с экрана 
320 |a [Библиогр.: с. 215 (16 назв.)] 
330 |a В статье исследуется спортивный дискурс болельщиков и фанатов на материале спортивных сайтов, существующих в Интернете. Автор анализирует дискурсивную роль субъектов дискурса в процессе общения. Рассмотрены различные стороны предмета исследования. В рамках комплексного анализа представлена пространственная модель спортивного дискурса в интернет-коммуникации. 
330 |a The author researches the sports discourse of supporters and fans by the material of sports sites that exist on the Internet, analyzes the discursive role of discourse subjects in the process of communication, considers the different aspects of the research object, and within the framework of a complex analysis presents the spatial model of sports discourse in internet-communication. 
333 |a Режим доступа: по договору с организацией-держателем ресурса 
461 |t Филологические науки. Вопросы теории и практики  |d 2008- 
463 |t № 8 (26), ч. 1  |v [С. 212-215]  |d 2013 
610 1 |a электронный ресурс 
610 1 |a труды учёных ТПУ 
610 1 |a субъекты 
610 1 |a спортивный дискурс 
610 1 |a пространственная модель 
610 1 |a взаимодействия 
610 1 |a коммуникации 
610 1 |a дискурсивная активность 
700 1 |a Щитов  |b А. Г.  |c лингвист  |c доцент Томского политехнического университета, кандидат педагогических наук  |f 1955-  |g Александр Григорьевич  |3 (RuTPU)RU\TPU\pers\31081 
712 0 2 |a Национальный исследовательский Томский политехнический университет (ТПУ)  |b Институт международного образования и языковой коммуникации (ИМОЯК)  |b Кафедра русского языка и литературы (РЯЛ)  |3 (RuTPU)RU\TPU\col\18974 
801 2 |a RU  |b 63413507  |c 20150210  |g RCR 
856 4 |u http://elibrary.ru/item.asp?id=19417835 
856 4 |u http://www.gramota.net/materials/2/2013/8-1/60.html 
942 |c CF